〈Minecraft〉岩石の種類クイズ - Statistics

General Stats
  • This quiz has been taken 379 times
  • The average score is 15 of 18
Answer Stats
Picture Answer % Correct
丸石
99%
砂岩
98%
岩盤
94%
花崗岩
93%
黒曜石
93%
マグマブロック
92%
安山岩
90%
閃緑岩
85%
テラコッタ
85%
エンドストーン
82%
ネザーラック
81%
深層岩
79%
グロウストーン
79%
玄武岩
78%
鍾乳石
75%
ブラックストーン
69%
方解石
56%
凝灰岩
53%
No matching quizzes found
Score Distribution
Percent of People with Each Score
Percentile by Number Answered
Your Score History
You have not taken this quiz